Statistics for African Geography by Letter - Y

Click here to take the quiz!

General Stats

  • This quiz has been taken 53 times
  • The average score is 5 of 20

Answer Stats

HintAnswer% Correct
Capital of CameroonYaoundé
98%
Plant similar to the potato; 95% of its crops are grown in Africayam
92%
Capital of Ivory CoastYamoussoukro
85%
Official language of Nigeria and ethnic group making up 20% of Nigeria's populationYoruba
74%
Capital of Adamawa State in eastern NigeriaYola
15%
State in northern Nigeria, where the largest cattle market in Africa is locatedYobe State
11%
The oldest standing structure in Ethiopia, estimated to have been built around 700 BCTemple of Yeha
9%
Town of 80,000 in the far north of CameroonYagoua
9%
City of 45,000 in southwest South SudanYambio
9%
County of 271,000 in South Sudan on the border with DR CongoYei River County
9%
Kingdom in modern Katanga, DR Congo which existed from 1856-1891 and was one of the most powerful in Africa due to controlling the trade route connecting Africa's east and west coastsYeke Kingdom
9%
Another species of gecko endemic to Madagascaryellow-throated day gecko
9%
Capital of Bayelsa State in southern NigeriaYenagoa
9%
District in Lagos, Nigeria, where the University of Lagos is locatedYaba
8%
Town of 86,000 in the Oromia region of southern EthiopiaYabelo
8%
Swampy valley in northern Tanzania home to many species of waterbirdsYaeda Valley
8%
Town of 38,000 in Burkina Faso that was the birthplace of President Thomas SankaraYako
8%
Town of 40,000 in DR Congo and UNESCO Biosphere Reserve around the townYangambi
8%
Species of gecko endemic to Madagascaryellow-headed day gecko
8%
Town of 12,000 in the far north of DR CongoYakoma
6%

Score Distribution

Percentile by Number Answered

Percent of People with Each Score

Your Score History

You have not taken this quiz